Κύκλοι γραμμές ζευγάρια
Αποθηκεύτηκε σε:
| Κύριος συγγραφέας: | |
|---|---|
| Μορφή: | Βιβλίο |
| Γλώσσα: | Greek |
| Δημοσίευση: |
Αθήνα :
Ερμής,
1990
|
| Θέματα: | |
| Ετικέτες: |
Προσθήκη ετικέτας
Δεν υπάρχουν, Καταχωρήστε ετικέτα πρώτοι!
|
MARC
| LEADER | 00000nam a2200000 i 4500 | ||
|---|---|---|---|
| 001 | 1/77123 | ||
| 008 | 960805s1990 gre d | ||
| 035 | |a 1993 |b 1 |c Σακελλαρίδης |l 10032583 | ||
| 040 | |a GR-MY-UA |b gre |e aacr | ||
| 041 | 0 | |a gre | |
| 082 | 0 | |a 796.44 | |
| 100 | 1 | |a Κυνηγού-Φλάμπουρα, Μαρία, |d 1922-2015. | |
| 245 | 1 | 0 | |a Κύκλοι γραμμές ζευγάρια / |c Μαρία Κυνηγού - Φλάμπουρα |
| 260 | |a Αθήνα : |b Ερμής, |c 1990 | ||
| 300 | |a 43 σ. | ||
| 650 | 0 | 0 | |a Gymnastics for children. |
| 852 | |a INST |b RHODES |e 19960805 |h 796.44 ΚΥΝ |p 005400009493 |q 005400009493 |t BK |y 0 | ||
| 909 | |a Ρ |b 025598 |c 1993 | ||
| 970 | |z 2000/06/ΚΑΤΕΡΙΝΑ | ||